000 00690nam a2200241 a 4500
008
020 _a0340662379 (pbk.)
049 _aMAIN
090 0 0 _aTH151
_bNES
100 1 _aNeslen, Robert.
245 1 0 _aConstruction maths :
_badvanced /
_cRobert Neslen.
260 _aLondon :
_bArnold,
_cc1998.
300 _avi, 153 p. ;
_c24 cm.
504 _aIncludes bibliographical references.
500 _aIncludes index.
650 0 _aBuilding
_xMathematics.
650 0 _aEngineering mathematics
_vFormulae.
907 _a.b10088106
_b04-04-22
_c06-09-03
003
005 20230123133415.0
040 _cNUST
942 _cBOOKS
_kTH151
_mNES
999 _c148057
_d148057